<?xml version="1.0" encoding="UTF-8"?>
<collection xmlns="http://www.loc.gov/MARC21/slim">
  <record>
    <leader>00000nam  2200000   4500</leader>
    <controlfield tag="001">INLIS000000000003477</controlfield>
    <controlfield tag="005">20181115034721</controlfield>
    <datafield tag="035" ind1="#" ind2="#">
      <subfield code="a">0010-1118000017</subfield>
    </datafield>
    <controlfield tag="007">ta</controlfield>
    <controlfield tag="008">181115################|##########|#|##</controlfield>
    <datafield tag="082" ind1="#" ind2="#">
      <subfield code="a">R 07 PIM I 2018</subfield>
    </datafield>
    <datafield tag="084" ind1="#" ind2="#">
      <subfield code="a">R 07 PIM I 2018</subfield>
    </datafield>
    <datafield tag="100" ind1=" " ind2="#">
      <subfield code="a">Slamet</subfield>
    </datafield>
    <datafield tag="245" ind1="1" ind2="#">
      <subfield code="a">Kebijakan Penerapan Metode Continuous Ambulatory Peritoneal Dialysis (CAPD) Dan Pengembangannya Bagi Penderita Gagal Ginjal /</subfield>
      <subfield code="c">Slamet</subfield>
    </datafield>
    <datafield tag="260" ind1="#" ind2="#">
      <subfield code="a">Jakarta :</subfield>
      <subfield code="b">Pusdiklat KAN,</subfield>
      <subfield code="c">2018</subfield>
    </datafield>
    <datafield tag="300" ind1="#" ind2="#">
      <subfield code="a">vii, 58 hlm., :</subfield>
      <subfield code="b">ilus. ;</subfield>
      <subfield code="c">30 cm.</subfield>
    </datafield>
    <datafield tag="650" ind1="#" ind2="#">
      <subfield code="a">Penerapan Metode</subfield>
    </datafield>
    <datafield tag="990" ind1="#" ind2="#">
      <subfield code="a">180807</subfield>
    </datafield>
  </record>
</collection>
